| 000 | 00542nam a2200169Ia 4500 | ||
|---|---|---|---|
| 005 | 20250424120233.0 | ||
| 008 | 250424s9999 xx 000 0 und d | ||
| 022 | _a01623737 | ||
| 050 | _aLB 1028 .E29/ | ||
| 245 | 0 | _aEducational evaluation and policy analysis | |
| 260 | _aCalifornia | ||
| 260 | _bAmerican Educational Research Association | ||
| 260 | _c2010 | ||
| 300 | _a352- 429 p. , ; 26 cm. | ||
| 650 | _aEducation--Evaluation--Research--United States--Periodicals. Education--Research--United States--Periodicals. | ||
| 942 | _cSR | ||
| 999 |
_c38170 _d38170 |
||